000
00305 a2200157 4500
001
161682
020
_a
040
_c
Magnum
100
_a
-
240
1
0
_a
A casinha do bosque
_l
por
245
1
0
_a
A casinha do bosque
362
0
_a
1899
440
1
_a
Do Brasil
697
_a
IJ/FABULAS
942
_c
BK
999
_c
161682
_d
161682